000 00397nam a2200157Ia 4500
003 GCL
008 140319s9999 xx 000 0 ara d
040 _aGCL /
_cGCL
082 0 4 _aد
_b050
100 1 _aجبور عبد النور
245 1 0 _aالجوارى (اقرا 60 ) /
_cجبور عبد النور
300 _a120
490 _aاقرأ
_v0
650 0 4 _aالرقيق
942 _2ddc
_cBK
999 _c48572
_d48572